Juan Camilo Uribe : (Registro nro. 5766)

000 -CABECERA
campo de control de longitud fija 00962nam a2200253 u 4500
001 - NÚMERO DE CONTROL
campo de control 000056377
005 - FECHA Y HORA DE LA ÚLTIMA TRANSACCIÓN
campo de control 20200120223236.0
008 - DATOS DE LONGITUD FIJA--INFORMACIÓN GENERAL
campo de control de longitud fija 130617s2007 ck gr 000 0 spa d
020 ## - NÚMERO INTERNACIONAL ESTÁNDAR DEL LIBRO
Número Internacional Estándar del Libro 9789586641937
041 0# - CÓDIGO DE LENGUA
Código de lengua del texto/banda sonora o título independiente .spa
043 ## - CÓDIGO DE ÁREA GEOGRÁFICA
Código de área geográfica s-ck---
082 04 - NÚMERO DE LA CLASIFICACIÓN DECIMAL DEWEY
Número de clasificación 702.812
Número de documento/Ítem U74
Número de edición 21
100 1# - ENTRADA PRINCIPAL--NOMBRE DE PERSONA
Nombre de persona Uribe, Juan Camilo
245 10 - MENCIÓN DE TÍTULO
Título Juan Camilo Uribe :
Resto del título arte con sentido común /
Mención de responsabilidad, etc. Biblioteca Luis Angel Arango, Casa de Moneda Banco de la República, Bogotá agosto 1 a septiembre 24 de 2007; fotografía Carlos Toboón, Oscar Monsalve.
250 ## - MENCIÓN DE EDICIÓN
Mención de edición 1a ed.
260 ## - PUBLICACIÓN, DISTRIBUCIÓN, ETC.
Lugar de publicación, distribución, etc. Bogotá :
Nombre del editor, distribuidor, etc. Banco de la República. Biblioteca Luis Angel Arango,
Fecha de publicación, distribución, etc. 2007.
300 ## - DESCRIPCIÓN FÍSICA
Extensión 71 p.
506 0# - NOTA DE RESTRICCIONES AL ACCESO
Limitaciones de acceso General
650 14 - PUNTO DE ACCESO ADICIONAL DE MATERIA--TÉRMINO DE MATERIA
Término de materia o nombre geográfico como elemento de entrada Artistas plásticos colombianos
Subdivisión general Exposiciones
Subdivisión de forma Catálogos.
650 24 - PUNTO DE ACCESO ADICIONAL DE MATERIA--TÉRMINO DE MATERIA
Término de materia o nombre geográfico como elemento de entrada Fotografía (técnica mixta)
Subdivisión general Exposiciones
Subdivisión de forma Catálogos.
650 24 - PUNTO DE ACCESO ADICIONAL DE MATERIA--TÉRMINO DE MATERIA
Término de materia o nombre geográfico como elemento de entrada Ensamblaje (Arte)
Subdivisión general Exposiciones
Subdivisión de forma Catálogos .
700 1# - PUNTO DE ACCESO ADICIONAL--NOMBRE DE PERSONA
Nombre de persona Tobón, Carlos,
Término indicativo de función/relación fot.
700 1# - PUNTO DE ACCESO ADICIONAL--NOMBRE DE PERSONA
Nombre de persona Monsalve, Oscar,
Término indicativo de función/relación fot.
Existencias
Estado de retiro Estado de pérdida Fuente del sistema de clasificación o colocación Estado dañado No para préstamo Código de colección Localización permanente Ubicación/localización actual Fecha de adquisición Número de inventario Total de préstamos Signatura topográfica completa Código de barras Fecha visto por última vez Número de copia Precio válido a partir de Tipo de ítem Koha Nota pública
          Colección General Biblioteca Pública San Juan Bosco Biblioteca Pública San Juan Bosco 20/01/2020 107496   702.812 U74 MOS000845 20/01/2020 ej.1 20/01/2020 Libro Ocho días

© Todos los derechos reservados para la Biblioteca Pública Municipal San Juan Bosco, 2020
Secretaria de Cultura de Mosquera
Carrera 3 N° 10 Esquina Centro Cultural Barrio El Carmén Teléfono: 8270830 Ext: 34
Funcionando con KOHA
Contacto: Biblioteca Pública Municipal San Juan Bosco/ bibliotecasanjuanbosco@mosquera-cundinamarca.gov.co
Mosquera, Cundinamarca